Responses for Show #8786 - Monday, January 16, 2023

Yogesh Raut game 4.

Contestants

[<< previous game]

Katie Palumbo, a museum interpreter from Amawalk, New York

Jimmy Davoren, a teacher from Coronado, California

Yogesh Raut, a blogger, podcaster, and freelance writer originally from Springfield, Illinois (whose 3-day cash winnings total $96,403)

[next game >>]

Jeopardy! Round responses

THE COLORS OF SCIENCE
MAJOR LEAGUE BASEBALL TEAMS
CIRCLES, SQUARES & DODECAHEDRONS
CLICHÉS REPHRASE
PURE BREAD
DOG TALES
    $200 25
(Jimmy: What is a black hole?)

a blackbody

YogeshJimmy
    $200 27
the Rockies

Katie
    $200 30
Tiananmen Square

Katie
    $200 28
salt of the Earth

Katie
    $200 29
sourdough

Katie
    $200 23
Marley

Katie
    $400 24
gray water

Katie
    $400 26
the Dodgers

Yogesh
    $400 22
Dungeons & Dragons

Katie
    $400 11
a walking encyclopedia

Jimmy
    $400 3
marble bread

Katie
    $400 16
Lassie

Yogesh
    $600 15
indigo

Katie
    $600 21
the Astros

Yogesh
    $600 20
2πr

Yogesh
    $600 9
salad days

Katie
    $600 2
challah

Jimmy
    $600 4
Old Yeller

Katie
    $800 14
amber

Jimmy
    $800 8
the Padres

Katie
    $800 7
promenade

Yogesh
    $800 10
a sad state of affairs

Triple Stumper
    $800 19
naan

Jimmy
    $800 5
White Fang

Katie
    $3,200 17
a yellow dwarf

Yogesh
    $1000 13
the Orioles

Yogesh
    $1000 1
(Yogesh: What is the Tropic of Capricorn?)

the Antarctic Circle

YogeshJimmy
    $1000 12
Nature abhors a vacuum

Yogesh
    $1000 18
ciabatta

Yogesh
    $1000 6
Charley

Yogesh

Scores at the first commercial break (after clue 15):

Yogesh Jimmy Katie
$2,800 $2,800 $3,800

Scores at the end of the Jeopardy! Round:

Yogesh Jimmy Katie
$9,200 $3,400 $5,600

Double Jeopardy! Round responses

SMALL TOWN AMERICA & CANADA
ROYAL HISTORY
TATTOOS
LETTERS OF THE LAW
THE SINGER WHO PLAYED...
SHORT A
    $400 25
the NHL

Jimmy
    $400 26
Louis XIV

Jimmy
    $400 27
a shark

Jimmy
    $400 28
hearsay

Yogesh
    $400 29
Beyoncé

Jimmy
    $400 30
Anna

Katie
    $800 24
(Jimmy: What is Ohio?)

Indiana

Jimmy
Triple Stumper
    $800 23
the Ottoman Empire

Jimmy
    $800 14
Social Security numbers

Jimmy
    $800 22
manslaughter

Katie
    $800 21
Timberlake

Yogesh
    $800 13
pasta

Katie
    $1200 15
the Panhandle

Jimmy
    $1200 8
the Stuarts

Katie
    $1200 5
a tattooed lady

Katie
    $8,000 20
negligence

Katie
    $1200 9
Meat Loaf

Jimmy
    $1200 12
Nevada

Jimmy
    $1600 16
Nova Scotia

Yogesh
    $1600 7
(Jimmy: What are... Denmark, Norway and Iceland?)

Denmark, Norway & Sweden

YogeshJimmy
    $1600 1
Inuit

Yogesh
    $1600 19
sequester

Katie
    $1600 3
Kravitz

Yogesh
    $1600 11
Bacchus

Jimmy
    $5,000 17
Whistler

Yogesh
    $2000 6
Troubles

Yogesh
    $2000 4
Luzon

Jimmy
    $2000 18
a tort

Katie
    $2000 2
Harry Styles

Katie
    $2000 10
Dramamine

Katie

Scores at the end of the Double Jeopardy! Round:

Yogesh Jimmy Katie
$23,800 $11,400 $25,600

[wagering suggestions for these scores]

Final Jeopardy! Round responses

BUSINESS MILESTONES
(Ken: [To Katie] I'm afraid the first cars were not sold in 1908, but you were so close, this was the [*]--the first affordable car for middle class consumers because of Henry Ford's assembly line technology.)
JimmyWhat are stocks? gov. bond
$11,400
YogeshWhat are Treasure Bonds?
$999
KatieWhat are cars?
$2,500
Ford Model T

Final scores:

Yogesh Jimmy Katie
$22,801 $0 $23,100
2nd place: $2,000 3rd place: $1,000 New champion: $23,100

Game dynamics:

Coryat scores:

Yogesh Jimmy Katie
$18,600 $11,400 $18,800
19 R
(including 2 DDs),
1 W
16 R,
3 W
23 R
(including 1 DD),
0 W

Combined Coryat: $48,800

[game clues] [game scores] [suggest correction]

Game tape date: 2022-11-16
The J! Archive is created by fans, for fans. Scraping, republication, monetization, and malicious use prohibited; this site may use cookies and collect identifying information. See terms. The Jeopardy! game show and all elements thereof, including but not limited to copyright and trademark thereto, are the property of Jeopardy Productions, Inc. and are protected under law. This website is not affiliated with, sponsored by, or operated by Jeopardy Productions, Inc. Join the discussion at JBoard.tv.